000
00279nam a2200121Ia 4500
008
241002s9999 xx 000 0 und d
082
_a
808.84 FAR
100
_a
Farmer, Frances
245
4
_a
The Wilson Reader
260
_a
New York:
_c
1956
600
_a
Literature
942
_c
UC
999
_c
18785
_d
18785